O que cabe no meu mundo (Record no. 112613)

MARC details
000 -LÍDER
campo de controle de tamanho fixo 00570 a2200217 4500
001 - NÚMERO DE CONTROLE
campo de controle 112613
020 ## - ISBN - INTERNATIONAL STANDARD BOOK NUMBER
ISBN - International Standard Book Number 9788575306901
041 ## - CÓDIGO DE IDIOMA
Código do idioma do texto/trilha sonora ou título diferente por
082 ## - CDD - CLASSIFICAÇÃO DECIMAL DE DEWEY
Número de Classificação Year 1 179
040 ## - FONTE DA CATALOGAÇÃO
Instituição da catalogação original BR-BrIDEA
Instituição que transcreveu o registro BR-BrIDEA
090 ## - NÚMERO DE CHAMADA LOCAL
Número de chamada (OCLC) (R); Número de chamada, CALL (RLIN) (NR) Year 1 179
Número Cutter local (OCLC); Número de classificação do livro, CALL (RLIN) BRE
100 ## - ENTRADA PRINCIPAL--NOME PESSOAL
Nome pessoal Brejo, Janayna Alves.
250 ## - EDIÇÃO
Edição 1. ed.
245 10 - TÍTULO
Título O que cabe no meu mundo
Restante do título Otimismo
Indicação de responsabilidade, etc. Janayna Alves Brejo
260 ## - PUBLICAÇÃO, DISTRIBUIÇÃO, ETC.
Local de publicação, distribuição, etc. Belo Horizonte
Nome do editor, distribuidor, etc. Cedic
Data da publicação, distribuição, etc. 2011
490 ## - TÍTULO DA SÉRIE
Título da série O que cabe no meu bolso
697 ## - ENTRADA DE ASSUNTO LOCAL--ENTIDADE COLETIVA (RLIN)
Nome corporativo ou nome da jurisdição Literatura infantil
830 ## - ENTRADA SECUNDÁRIA DE SÉRIE--TÍTULO UNIFORME
Título uniforme O que cabe no meu bolso
856 ## - LOCALIZAÇÃO ELETRÔNICA E ACESSO
Uniform Resource Identifier <a href="000021/000021cf.jpg">000021/000021cf.jpg</a>
942 ## - ELEMENTOS DE ENTRADA ADICIONADOS (KOHA)
Tipo de material Koha Livros
Holdings
Situação do descarte Situação das perdas Fonte da classificação ou esquema de arquivamento na estante Situação física Não pode ser emprestado Biblioteca de origem Biblioteca atual Data de aquisição Total de empréstimos Número de chamada completo Código de barras Data de último acesso Data do preço efetivo Tipo de material Koha
    Classificação Decimal de Dewey     ECB - SUDOESTE ECB - SUDOESTE 07/08/2014   Year 1 179 00009599SSW 23/01/2024 23/01/2024 Livros
    Classificação Decimal de Dewey     ECB - SUDOESTE ECB - SUDOESTE 30/08/2013   Year 1 179 00005115SSW 23/01/2024 23/01/2024 Livros
    Classificação Decimal de Dewey     ECB - SUDOESTE ECB - SUDOESTE 07/08/2014   Year 1 179 00009601SSW 23/01/2024 23/01/2024 Livros
    Classificação Decimal de Dewey     ECB - ÁGUAS CLARAS ECB - ÁGUAS CLARAS 07/08/2014   A Year 1 179 BRE 00009600AGC 23/01/2024 23/01/2024 Livros